Rubik's Cube - True or False? - Statistics

General Stats
  • This quiz has been taken 112 times
    12 since last reset
  • The average score is 11 of 15
Answer Stats
Question Answer % Correct
The six colors on the original cube is white, red, blue, green, purple, yellow. False
100%
There are many different toys inspired and based off of the Rubik's Cube, like the Pyraminx and Megaminx. True
100%
There are 43 quintillion different combinations on a 3x3 cube. True
100%
There are competitions that take place for cube solvers to compete to see who can solve the fastest. True
100%
Different sizes of cubes have been made, like a 2x2 cube, 4x4 cube, 5x5 cube, and even a 24x24 cube! True
91%
The Rubik's cube won the 1980 German Game of the Year special award for Best Puzzle. True
91%
The Rubik's cube was originally called the "Magic Block". False
73%
The color opposite of red on the Rubik's cube is orange. True
73%
The Rubik's Cube was inducted into the US National Toy Hall of Fame in 2014. True
73%
The first test batches of the original Rubik's cube were produced in late 1977 and released in toy shops in Budapest. True
73%
Within the first year of release, it sold over 500 million cubes. False
64%
The cube used to be illegal in several countries in the past, as the government of those countries called it "an economic disruptor". False
55%
It was invented by a Hungarian professor of agriculture. True
45%
As of May 2026, the world record for the 3x3 cube is 2.76 seconds, set by Teodor Zajder. True
45%
In the US, sales for the Rubik's Cube tripled between 2001 and 2003. False
27%
No matching quizzes found
Score Distribution
Percent of People with Each Score
Percentile by Number Answered
Your Score History
You have not taken this quiz since the last reset